Nommez cette personne historique n°4 - Statistiques

Statistiques générales
  • Ce quiz a été pris 1 013 fois
  • Le résultat moyen est 9 sur 20
Statistiques - réponses
Par images Réponse % Correct
Salvador Dali
93%
Neil Armstrong
87%
Jules César
86%
Marie Antoinette
84%
Wolfgang Amadeus Mozart
84%
Edith Piaf
64%
Frida Kahlo
59%
James Dean
55%
Léonard de Vinci
55%
Malcolm X
52%
Vlad III l'Empaleur
47%
Ferdinand Foch
43%
Harry Truman
37%
Charles VII
26%
Miles Davis
21%
Horatio Nelson
20%
Mary Pierce
17%
Frederic Chopin
10%
Pierre Trudeau
6%
Lucille Ball
2%
Aucun quiz correspondant
Distribution des résultats
% des personnes avec chaque résultat
Percentile par nombre de réponses
Votre historique - résultats
Vous n’avez pas pris ce quiz